Gares sur la ligne de Limoges à Bordeaux - Statistiques

Statistiques générales
  • Ce quiz a été pris 35 fois
  • Le résultat moyen est 12 sur 30
Statistiques - réponses
Département Gare % Correct
(33) Libourne
88%
Dordogne (24) Périgueux
78%
Gironde (33) Bordeaux-Saint-Jean
66%
(33) Cenon
63%
Haute-Vienne (87) Limoges-Bénédictins
63%
(33) Coutras
56%
Dordogne (24) La Coquille
56%
(87) Nexon
56%
(24) Thiviers
56%
(24) Saint-Astier
53%
(24) Mussidan
50%
Dordogne (24) Montpon - Ménestérol
47%
(24) Négrondes
38%
(24) Agonac
34%
Haute-Vienne (87) Bussière-Galant
34%
(24) Château-l'Evêque
31%
(24) Neuvic
31%
Gironde (33) Saint-Seurin-sur-l'Isle
31%
(24) Razac
28%
(87) L'Aiguille
25%
(24) Saint-Léon-sur-l'Isle
25%
(33) Saint-Médard-de-Guizières
25%
(87) Lafarge
22%
(33) La Gorp
19%
(33) Saint-Denis-de-Pile
19%
(33) Vayres
19%
(33) Bassens
16%
(24) Marsac (Dordogne)
16%
(33) Saint-Loubès
13%
(33) Saint-Sulpice - Izon
13%
Aucun quiz correspondant
Distribution des résultats
% des personnes avec chaque résultat
Percentile par nombre de réponses
Votre historique - résultats
Vous n’avez pas pris ce quiz